• 首页
  • 本馆介绍
  • 公告通知
  • 最新文献
  • 馆藏检索
  • 电子资源
  • 读者导购
  • 参考咨询
  • 我的图书馆
  • 登录
  • 详细信息显示
  • 放入我的书架
  • 预约/预借图书
  • 作者相关作品
  • 分类相关作品
  • 丛书相关作品
  • 出版社相关作品

书目信息

  • 表格格式
  • 工作单格式
  • 卡片格式
题名:
信息检索与利用
    
 
作者: 张鹏飞 主编
分册:  
出版信息: 北京   北京工业大学出版社  2021.3
页数: 228页
开本: 26cm
丛书名:
单 册:
中图分类: G252.7
科图分类:
主题词: 信息检索--xin xi jian suo--教材
电子资源:
ISBN: 978-7-5639-7780-2
000 00850nam0 2200241 450
001 2156286648
005 20211011172911.0
010    @a978-7-5639-7780-2@dCNY62.00
100    @a20210517d2021 em y0chiy0120 ea
101 0  @achi
102    @aCN@b110000
105    @aa z 000yy
106    @ar
200 1  @a信息检索与利用@Axin xi jian suo yu li yong@e彩色版@f张鹏飞主编
210    @a北京@c北京工业大学出版社@d2021.3
215    @a228页@c彩图@d26cm
300    @a高质量应用型人才培养精品教材
330    @a本书共八章,内容包括:信息检索概述、网络信息资源检索、中文数据库检索、外文数据库检索、特种文献检索、信息的处理、信息分析的常用方法、学术论文的撰写。
606 0  @a信息检索@Axin xi jian suo@j教材
690    @aG252.7@v5
701  0 @a张鹏飞@Azhang peng fei@f(1983~)@4主编
801  0 @aCN@b百万庄@c20211006
905    @b1305674-76@dG252.7@e141@f3
    
    信息检索与利用:彩色版/张鹏飞主编.-北京:北京工业大学出版社,2021.3
    228页:彩图;26cm
    高质量应用型人才培养精品教材
    
    ISBN 978-7-5639-7780-2:CNY62.00
    本书共八章,内容包括:信息检索概述、网络信息资源检索、中文数据库检索、外文数据库检索、特种文献检索、信息的处理、信息分析的常用方法、学术论文的撰写。
●
相关链接 在E读中查询图书 在五车中查询图书 在当当中查询图书 在豆瓣中查询图书


正题名:信息检索与利用     索取号:G252.7/141         预约/预借

序号 登录号 条形码 馆藏地/架位号 状态 备注
1 1305674   213056743   第一样本阅览室/ [索取号:G252.7/141] 在馆    
2 1305675   213056752   第四借阅区/ [索取号:G252.7/141] 在馆    
3 1305676   213056761   第四借阅区/ [索取号:G252.7/141] 在馆    
唐山师范学院图书馆 欢迎您!
大连网信软件有限公司© 版权所有